000 00769nam a2200217Ia 4500
001 11403
003 GE_BSU
008 181216s||||||||xx |||||||||||||| ||und||
040 _cGE_BSU
080 _a634.1/7
100 _aბ. ივანოვი, პ. კაჭარავა, გ. კვაჭაძე
245 _aხილ-ბოსტნეულის ჯიშთმცოდნეობა
245 _cრედ: გ. კვაჭაძე
260 _aთბილისი.
260 _bსას-სამ. ინ-ტის გამ-ბა
260 _c1955
300 _a574გვ.24სმ.
300 _eცხრილები
653 _aხილ-ბოსტნეულის ჯიშთმცოდნეობა
942 _cBK
999 _c44600
_d44600